Loading...
| Mythology | 0 | 7 | 3 | 0 | 55 | 8 | 50.43 | 2 | 3 | 34.38 | 47.75 |
| Religion | 0 | 4 | 1 | 2 | 35 | 59 | 82.25 | 0 | 1 | 7.97 | 11.98 |
| History - Other | 0 | 3 | 0 | 1 | 30 | 42 | 64.00 | 0 | 2 | 10.28 | 16.06 |
| Social Science | 0 | 3 | 1 | 0 | 25 | 42 | 59.67 | 1 | 2 | 15.62 | 25.76 |
| Science - Other | 0 | 2 | 0 | 0 | 20 | 51 | 61.50 | 0 | 0 | 7.00 | 10.45 |
| Literature - European | 0 | 1 | 0 | 0 | 10 | 33 | 33.00 | 1 | 1 | 6.61 | 9.09 |
| Fine Arts - Other | 0 | 1 | 0 | 0 | 10 | 52 | 52.00 | 0 | 0 | 5.08 | 4.96 |
| Science - Biology | 0 | 1 | 0 | 0 | 10 | 67 | 67.00 | 0 | 0 | 3.55 | 6.06 |
| Fine Arts - Classical Music | 0 | 1 | 1 | 0 | 5 | 70 | 70.00 | 0 | 1 | 3.41 | 6.82 |
| Science - Chemistry | 0 | 0 | 1 | 0 | -5 | 0.00 | 0 | 0 | 0.00 | 0.00 |